20 Biggest Cities in Washington - Statistics

General Stats
  • This quiz has been taken 77 times
  • The average score is 13 of 20
Answer Stats
Hint Answer % Correct
759,915 Seattle
100%
229,527 Spokane
98%
223,968 Tacoma
97%
151,505 Bellevue
83%
198,163 Vancouver
83%
95,669 Bellingham
80%
111,275 Everett
80%
109,803 Spokane Valley
73%
132,306 Kent
71%
96,645 Yakima
71%
96,605 Federal Way
66%
103,748 Renton
66%
85,549 Kennewick
63%
80,821 Pasco
56%
90,679 Kirkland
51%
64,706 Richland
51%
73,561 Marysville
46%
82,812 Auburn
44%
82,588 Redmond
39%
64,340 Sammamish
31%
No matching quizzes found
Score Distribution
Percent of People with Each Score
Percentile by Number Answered
Your Score History
You have not taken this quiz